[Event "Bucharest Kings blitz (Women) 12th"]
[Site "Bucharest"]
[Date "2018.11.21"]
[Round "5"]
[White "Paulet, Iozefina"]
[Black "Foisor, Sabina Francesca"]
[Result "1/2-1/2"]
[WhiteElo "2281"]
[BlackElo "2264"]
[PlyCount "124"]
[EventDate "2018.11.21"]
[EventType "tourn (blitz)"]
[EventRounds "12"]
[EventCountry "ROU"]
[EventCategory "3"]
[SourceTitle "CBM 187 Extra"]
[Source "ChessBase"]
[SourceDate "2018.11.04"]
[SourceVersion "1"]
[SourceVersionDate "2018.11.04"]
[SourceQuality "1"]

1. e4 e5 2. Nf3 Nc6 3. Nc3 Nf6 4. Bc4 Bc5 5. d3 d6 6. Bg5 Be6 7. Nd5 Bxd5 8. Bxd5 h6 9. Bh4 Ne7 10. Bb3 Ng6 11. 0-0 0-0 12. c3 Nxh4 13. Nxh4 Kh7 14. Nf5 g6 15. Ne3 Nh5 16. d4 Bb6 17. g3 c6 18. Nc4 Qe7 19. dxe5 dxe5 20. Nxb6 axb6 21. Qe2 Ng7 22. Rfd1 Rfd8 23. Rxd8 Rxd8 24. Rd1 Rxd1+ 25. Qxd1 Ne6 26. Qe2 b5 27. Qe3 Qc5 28. Qxc5 Nxc5 29. Bc2 Kg7 30. Kf1 Kf6 31. Ke2 Ke6 32. b4 Nd7 33. Bb3+ Ke7 34. Kd3 Nb6 35. f4 f6 36. Ke3 Kd6 37. Bf7 g5 38. fxg5 fxg5 39. Kf3 Na4 40. c4 bxc4 41. Bxc4 b5 42. Bb3 Nb6 43. Kg4 Nd7 44. Kh5 Nf6+ 45. Kxh6 Nxe4 46. Kg6 c5 47. bxc5+ Kxc5 48. Kf5 Kd4 49. Bc2 Nd2 50. Kxg5 Nf3+ 51. Kf5 Nxh2 52. g4 e4 53. g5 Nf3 54. Bxe4 Nxg5 55. Bc6 Nf7 56. Ke6 Nd8+ 57. Kd7 Nxc6 58. Kxc6 Kc4 59. Kb6 Kb4 60. Ka6 Ka4 61. Kb6 b4 62. Kc5 Ka3 1/2-1/2

[Event "Bucharest Kings blitz (Women) 12th"]
[Site "Bucharest"]
[Date "2018.11.21"]
[Round "11"]
[White "Paulet, Iozefina"]
[Black "Foisor, Sabina Francesca"]
[Result "0-1"]
[WhiteElo "2281"]
[BlackElo "2264"]
[PlyCount "70"]
[EventDate "2018.11.21"]
[EventType "tourn (blitz)"]
[EventRounds "12"]
[EventCountry "ROU"]
[EventCategory "3"]
[SourceTitle "CBM 187 Extra"]
[Source "ChessBase"]
[SourceDate "2018.11.04"]
[SourceVersion "1"]
[SourceVersionDate "2018.11.04"]
[SourceQuality "1"]

1. e4 c6 2. d4 d5 3. exd5 cxd5 4. Bf4 Nc6 5. c3 g6 6. Nd2 Bg7 7. Be2 Nf6 8. h3 0-0 9. Ngf3 Bf5 10. Qb3 b6 11. Ne5 Nxe5 12. Bxe5 Ne4 13. Bxg7 Nxd2 14. Kxd2 Kxg7 15. Bf3 Be4 16. Bxe4 dxe4 17. Rae1 e5 18. Kc1 exd4 19. cxd4 Qxd4 20. Re3 Rac8+ 21. Kb1 Qc4 22. Qd1 Rfd8 23. Qe1 Qc2+ 24. Ka1 Rd2 25. Rb3 Rxf2 26. g4 Rd8 27. Rb4 e3 28. a3 Qd2 29. Ka2 Rc8 30. Qb1 Rc2 31. Rd1 Qe2 32. Re1 Qf3 33. Rb3 Qd5 34. Rexe3 Rxb2+ 35. Qxb2+ Rxb2+ 0-1

[Event "Bucharest Kings rapid (Women) 12th"]
[Site "Bucharest"]
[Date "2018.11.20"]
[Round "5"]
[White "Foisor, Sabina Francesca"]
[Black "Paulet, Iozefina"]
[Result "1-0"]
[WhiteElo "2264"]
[BlackElo "2281"]
[PlyCount "91"]
[EventDate "2018.11.19"]
[EventType "tourn (rapid)"]
[EventRounds "6"]
[EventCountry "ROU"]
[EventCategory "3"]
[SourceTitle "CBM 187 Extra"]
[Source "ChessBase"]
[SourceDate "2018.11.04"]
[SourceVersion "1"]
[SourceVersionDate "2018.11.04"]
[SourceQuality "1"]

1. d4 Nf6 2. Nf3 c5 3. d5 e6 4. c4 exd5 5. cxd5 d6 6. Nc3 g6 7. Nd2 Bg7 8. e4 0-0 9. Be2 Re8 10. 0-0 a6 11. a4 Nbd7 12. Qc2 Rb8 13. Nc4 Nb6 14. Nxb6 Qxb6 15. Bf4 Bg4 16. f3 Bd7 17. a5 Qc7 18. Bc4 Nh5 19. Be3 f5 20. Rfe1 f4 21. Bf2 Qd8 22. Ne2 Bb5 23. Ra2 Be5 24. Nc1 Bxc4 25. Qxc4 Nf6 26. Nd3 Nd7 27. b4 cxb4 28. Qxb4 Qf6 29. Rc2 Re7 30. Rec1 Rf8 31. Nxe5 Nxe5 32. Bd4 Rff7 33. Rc8+ Kg7 34. Qc3 Kh6 35. Rc2 Qg5 36. Bxe5 Rxe5 37. Rc7 Ree7 38. Rxe7 Qxe7 39. Qd4 Qd7 40. Qc3 Qa4 41. g4 fxg3 42. hxg3 Rxf3 43. Rh2+ Kg5 44. Qxf3 Qd4+ 45. Kg2 Qxd5 46. exd5 1-0

[Event "Bucharest Kings rapid (Women) 12th"]
[Site "Bucharest"]
[Date "2018.11.19"]
[Round "2"]
[White "L'Ami, Alina"]
[Black "Paulet, Iozefina"]
[Result "1/2-1/2"]
[WhiteElo "2285"]
[BlackElo "2281"]
[PlyCount "83"]
[EventDate "2018.11.19"]
[EventType "tourn (rapid)"]
[EventRounds "6"]
[EventCountry "ROU"]
[EventCategory "3"]
[SourceTitle "CBM 187 Extra"]
[Source "ChessBase"]
[SourceDate "2018.11.04"]
[SourceVersion "1"]
[SourceVersionDate "2018.11.04"]
[SourceQuality "1"]

1. d4 Nf6 2. c4 c5 3. d5 e6 4. Nc3 exd5 5. cxd5 d6 6. e4 g6 7. f4 Bg7 8. Bb5+ Nfd7 9. Nf3 0-0 10. 0-0 a6 11. Bd3 b5 12. Kh1 b4 13. Na4 a5 14. Nd2 Ba6 15. Bxa6 Nxa6 16. Nc4 Nf6 17. Re1 Nc7 18. e5 dxe5 19. d6 exf4 20. dxc7 Qxc7 21. Qf3 g5 22. Re5 Rae8 23. Bxf4 gxf4 24. Rxc5 Qb8 25. Rf5 Re4 26. Nab6 Rfe8 27. Rf1 Qc7 28. h3 Rxc4 29. Nxc4 Qxc4 30. Rxf4 Ne4 31. Re1 f5 32. Rxf5 Qe6 33. Kh2 Be5+ 34. g3 Bxg3+ 35. Qxg3+ Nxg3 36. Rxe6 Nf1+ 37. Rxf1 Rxe6 38. Rf2 a4 39. Kg3 Re3+ 40. Kg4 b3 41. axb3 Rxb3 42. h4 1/2-1/2

[Event "Bucharest Kings rapid (Women) 12th"]
[Site "Bucharest"]
[Date "2018.11.19"]
[Round "3"]
[White "Paulet, Iozefina"]
[Black "Foisor, Sabina Francesca"]
[Result "0-1"]
[WhiteElo "2281"]
[BlackElo "2264"]
[PlyCount "124"]
[EventDate "2018.11.19"]
[EventType "tourn (rapid)"]
[EventRounds "6"]
[EventCountry "ROU"]
[EventCategory "3"]
[SourceTitle "CBM 187 Extra"]
[Source "ChessBase"]
[SourceDate "2018.11.04"]
[SourceVersion "1"]
[SourceVersionDate "2018.11.04"]
[SourceQuality "1"]

1. e4 e5 2. Nf3 Nc6 3. Bc4 Bc5 4. 0-0 Nf6 5. d3 a6 6. c3 d6 7. d4 Ba7 8. Qd3 Bg4 9. Nbd2 0-0 10. Bb3 Bh5 11. h3 Bg6 12. Re1 exd4 13. Nxd4 d5 14. Nxc6 bxc6 15. Qg3 dxe4 16. Nc4 Re8 17. Bg5 Qc8 18. Bxf6 gxf6 19. Ne3 Bxe3 20. Rxe3 Qf5 21. Qxc7 c5 22. Rae1 Qe5 23. Qxe5 fxe5 24. g4 Red8 25. R1e2 Rab8 26. h4 h5 27. g5 Kg7 28. Bc4 a5 29. a4 Rb6 30. b3 f5 31. gxf6+ Rxf6 32. Rg3 Rf4 33. Rg5 Kf6 34. Re3 Rd1+ 35. Bf1 Rxh4 36. Rgg3 Bf5 37. Kg2 Bg4 38. Rxe4 Bh3+ 39. Rxh3 Rxe4 40. Rxh5 Ree1 41. Bc4 Rg1+ 42. Kf3 Rh1 43. Rxh1 Rxh1 44. Ke4 Rc1 45. f4 Re1+ 46. Kf3 e4+ 47. Kf2 Rc1 48. Ke3 Kf5 49. Kd2 Rh1 50. b4 cxb4 51. cxb4 axb4 52. a5 Kxf4 53. Kc2 Ra1 54. a6 Ra3 55. Kd2 Ke5 56. Bb5 Kd4 57. Kc2 Kc5 58. Bf1 e3 59. Kb2 Kb6 60. Be2 Rxa6 61. Kb3 Ra3+ 62. Kxb4 Ra2 0-1

[Event "NED-ch rapid (Women) 4th"]
[Site "Amstelveen"]
[Date "2018.11.18"]
[Round "1"]
[White "Keetman, Maaike"]
[Black "Paulet, Iozefina"]
[Result "0-1"]
[WhiteElo "2176"]
[BlackElo "2281"]
[PlyCount "112"]
[EventDate "2018.11.18"]
[EventType "tourn (rapid)"]
[EventRounds "7"]
[EventCountry "NED"]
[SourceTitle "CBM 187 Extra"]
[Source "ChessBase"]
[SourceDate "2018.11.04"]
[SourceVersion "1"]
[SourceVersionDate "2018.11.04"]
[SourceQuality "1"]

1. e4 e6 2. d4 d5 3. Nd2 dxe4 4. Nxe4 Nd7 5. Nf3 Be7 6. Bd3 Ngf6 7. Bf4 Nxe4 8. Bxe4 c5 9. Bg3 0-0 10. 0-0 f5 11. dxc5 fxe4 12. Nd4 Nxc5 13. Re1 Bf6 14. c3 e5 15. Nb5 Qxd1 16. Raxd1 Bg4 17. Rd5 Nd7 18. Rxe4 Nb6 19. Rc5 Rad8 20. h3 Bf5 21. Re1 a6 22. Na3 Rfe8 23. Rc7 Rd7 24. Rxd7 Nxd7 25. Nc4 Re6 26. Rd1 Nc5 27. Rd5 Nd3 28. Nd6 Bg6 29. b3 b6 30. Nc4 Nf4 31. Rd2 b5 32. Ne3 Be4 33. f3 Bc6 34. Kh2 Nh5 35. Bf2 Bg5 36. h4 Bxe3 37. Bxe3 Nf6 38. Rd8+ Kf7 39. Kg1 e4 40. fxe4 Rxe4 41. Bg5 Ng4 42. Kf1 h6 43. Bd2 Ne3+ 44. Kf2 Nxg2 45. Rd6 Re6 46. Rxe6 Kxe6 47. Kg3 Kf5 48. c4 bxc4 49. bxc4 h5 50. Bc3 g6 51. Bd2 Ke4 52. Kxg2 Kd3+ 53. Kg3 Kxd2 54. Kf4 Kc3 55. Kg5 Kxc4 56. Kxg6 Bf3 0-1

[Event "NED-ch rapid (Women) 4th"]
[Site "Amstelveen"]
[Date "2018.11.18"]
[Round "2"]
[White "Paulet, Iozefina"]
[Black "Haast, Anne"]
[Result "0-1"]
[WhiteElo "2281"]
[BlackElo "2309"]
[PlyCount "124"]
[EventDate "2018.11.18"]
[EventType "tourn (rapid)"]
[EventRounds "7"]
[EventCountry "NED"]
[SourceTitle "CBM 187 Extra"]
[Source "ChessBase"]
[SourceDate "2018.11.04"]
[SourceVersion "1"]
[SourceVersionDate "2018.11.04"]
[SourceQuality "1"]

1. e4 c5 2. Nf3 e6 3. b3 d5 4. exd5 Qxd5 5. Bc4 Qd8 6. Bb2 Nf6 7. Ne5 a6 8. a4 Be7 9. 0-0 0-0 10. a5 Nbd7 11. f4 Nd5 12. Nc3 N7f6 13. Nxd5 exd5 14. Bd3 Ne4 15. Bxe4 dxe4 16. Qe2 Bf6 17. Bc3 Bf5 18. Ra4 Qc8 19. Rc4 Rd8 20. Qe3 Rd5 21. Rb1 Be7 22. Ra4 c4 23. Rxc4 Qf8 24. Qg3 h5 25. Rc1 h4 26. Qe1 f6 27. Qxh4 fxe5 28. Qg3 exf4 29. Qxf4 Bf6 30. Rf1 Bxc3 31. Rxc3 Qe7 32. Rc7 Qe5 33. Qxe5 Rxe5 34. Rxb7 Rd8 35. Rf2 Rxa5 36. h3 Bg6 37. Rb6 Kh7 38. Kh2 Rad5 39. Rf4 R5d6 40. Rxd6 Rxd6 41. Rf2 a5 42. g4 Rc6 43. c3 Rb6 44. h4 Rxb3 45. Rf8 e3 46. dxe3 Rxc3 47. Ra8 Rc5 48. h5 Bc2 49. Kg3 a4 50. Kh4 Rc4 51. Kg5 Bd1 52. h6 gxh6+ 53. Kf6 Rc6+ 54. Kf5 Rc7 55. e4 Rg7 56. Kf6 Rg6+ 57. Ke5 Rxg4 58. Kf5 Rg7 59. e5 Bb3 60. e6 Re7 61. Ra6 Kg7 62. Rd6 Bxe6+ 0-1

[Event "Olympiad Women-43"]
[Site "Batumi"]
[Date "2018.10.02"]
[Round "8.3"]
[White "Paulet, Iozefina"]
[Black "Pogonina, Natalija"]
[Result "0-1"]
[WhiteElo "2275"]
[BlackElo "2469"]
[PlyCount "64"]
[EventDate "2018.09.24"]
[EventType "team-swiss"]
[EventRounds "11"]
[EventCountry "GEO"]
[SourceTitle "EXT 2020"]
[Source "ChessBase"]
[SourceDate "2019.10.17"]
[SourceVersion "1"]
[SourceVersionDate "2019.10.17"]
[SourceQuality "1"]
[WhiteTeam "Netherlands (W)"]
[BlackTeam "Russia (W)"]
[WhiteTeamCountry "NED"]
[BlackTeamCountry "RUS"]

1. e4 e5 2. Nf3 Nc6 3. Bc4 Bc5 4. d3 Nf6 5. Nc3 h6 6. 0-0 0-0 7. Be3 Be7 8. Nd5 d6 9. Nxe7+ Nxe7 10. h3 Ng6 11. d4 Nxe4 12. Bd3 exd4 13. Bxh6 d5 14. Bc1 c5 15. Bxe4 dxe4 16. Ng5 Bf5 17. Qh5 Ne7 18. Re1 Bg6 19. Qg4 Qd5 20. c4 Qc6 21. Qf4 Rae8 22. Bd2 Nc8 23. h4 Nd6 24. b3 f6 25. Nh3 Bf5 26. Qg3 e3 27. fxe3 Ne4 28. Qf4 Bxh3 29. exd4 g5 30. Qe3 Bf5 31. Qf3 Qd7 32. Be3 Bg4 0-1

[Event "Olympiad Women-43"]
[Site "Batumi"]
[Date "2018.09.24"]
[Round "1.15"]
[White "Paulet, Iozefina"]
[Black "Carrillo Marval, Maria Angelica"]
[Result "1-0"]
[WhiteElo "2275"]
[BlackElo "1712"]
[PlyCount "53"]
[EventDate "2018.09.24"]
[EventType "team-swiss"]
[EventRounds "11"]
[EventCountry "GEO"]
[SourceTitle "EXT 2020"]
[Source "ChessBase"]
[SourceDate "2019.10.17"]
[SourceVersion "1"]
[SourceVersionDate "2019.10.17"]
[SourceQuality "1"]
[WhiteTeam "Netherlands (W)"]
[BlackTeam "Panama (W)"]
[WhiteTeamCountry "NED"]
[BlackTeamCountry "PAN"]

1. e4 d5 2. exd5 Qxd5 3. Nc3 Qd8 4. Nf3 Nf6 5. g3 Bg4 6. h3 Bxf3 7. Qxf3 c6 8. Bg2 e6 9. 0-0 Nbd7 10. d3 Bd6 11. Rb1 Qa5 12. Bd2 Qh5 13. Qxh5 Nxh5 14. b4 Rb8 15. a4 0-0 16. b5 c5 17. a5 f5 18. Rfe1 Rf6 19. Bf3 Nxg3 20. fxg3 Bxg3 21. Rf1 Be5 22. Ne2 f4 23. Rbe1 g5 24. Nc3 Bd4+ 25. Kg2 e5 26. Ne4 Rh6 27. c3 1-0

[Event "Paleochora op 11th"]
[Site "Paleochora"]
[Date "2018.07.24"]
[Round "8"]
[White "Paulet, Iozefina"]
[Black "Vlachos, Anatole"]
[Result "0-1"]
[WhiteElo "2286"]
[BlackElo "2428"]
[PlyCount "96"]
[EventDate "2018.07.18"]
[EventType "swiss"]
[EventRounds "9"]
[EventCountry "GRE"]
[SourceTitle "CBM 186 Extra"]
[Source "ChessBase"]
[SourceDate "2018.08.24"]
[SourceVersion "1"]
[SourceVersionDate "2018.08.24"]
[SourceQuality "1"]

1. e4 c5 2. Nf3 d6 3. d4 Nf6 4. Nc3 cxd4 5. Nxd4 g6 6. Bc4 Bg7 7. Bb3 0-0 8. f3 Bd7 9. Be3 Nc6 10. Qd2 a6 11. h4 h5 12. Nxc6 Bxc6 13. Bh6 b5 14. 0-0-0 Qc7 15. Kb1 a5 16. Qg5 Kh7 17. Bxg7 Kxg7 18. Nxb5 Bxb5 19. Qxb5 a4 20. Bd5 Ra5 21. Qc6 Qxc6 22. Bxc6 Rc8 23. e5 Rxc6 24. exf6+ Kxf6 25. Rhe1 e5 26. Re3 d5 27. Rde1 d4 28. Rd3 Kg7 29. c3 dxc3 30. Rxc3 Rxc3 31. bxc3 f5 32. Kb2 Rc5 33. Kc2 Kf6 34. Rb1 e4 35. fxe4 fxe4 36. Rb4 Kf5 37. Rxa4 Kf4 38. Kd2 g5 39. Ra8 gxh4 40. Rf8+ Kg3 41. Rg8+ Kf2 42. Rf8+ Kxg2 43. Rg8+ Kf3 44. Rf8+ Kg3 45. Rg8+ Kf4 46. Ke2 h3 47. Kf2 e3+ 48. Kg1 Rg5+ 0-1

[Event "Paleochora op 11th"]
[Site "Paleochora"]
[Date "2018.07.21"]
[Round "5"]
[White "Malataras, Gerasimos"]
[Black "Paulet, Iozefina"]
[Result "0-1"]
[WhiteElo "1823"]
[BlackElo "2286"]
[PlyCount "148"]
[EventDate "2018.07.18"]
[EventType "swiss"]
[EventRounds "9"]
[EventCountry "GRE"]
[SourceTitle "CBM 186 Extra"]
[Source "ChessBase"]
[SourceDate "2018.08.24"]
[SourceVersion "1"]
[SourceVersionDate "2018.08.24"]
[SourceQuality "1"]

1. d4 Nf6 2. c4 e6 3. Nc3 Bb4 4. e3 0-0 5. Bd3 d5 6. Nf3 b6 7. 0-0 Bb7 8. a3 Bd6 9. cxd5 exd5 10. b4 a6 11. Bb2 Nbd7 12. Qb3 Qe7 13. b5 axb5 14. Nxb5 Ba6 15. Rfc1 c5 16. Nxd6 Bxd3 17. Qxd3 Qxd6 18. a4 c4 19. Qf5 Qe6 20. Qxe6 fxe6 21. Nd2 Ra6 22. Ra3 Rfa8 23. Rca1 Nb8 24. Nb1 Nc6 25. Bc3 Nd7 26. Kf1 Kf7 27. Ke2 g5 28. f3 h5 29. e4 Nf6 30. e5 Ne8 31. Ke3 Ng7 32. g4 hxg4 33. fxg4 Rh8 34. R1a2 Rh3+ 35. Kf2 Rxh2+ 36. Kg3 Rxa2 37. Rxa2 Ke7 38. Ra1 Kf7 39. Nd2 Kg6 40. Nf3 Ne8 41. Rb1 Nc7 42. Kf2 Na8 43. Ra1 Ra7 44. Kg2 Nd8 45. Kf2 Nc6 46. Kg2 Nc7 47. Rb1 Na8 48. Ra1 Ra6 49. Kf2 Nc7 50. Rb1 b5 51. axb5 Rb6 52. bxc6 Rxb1 53. Ba5 c3 54. Bxc3 Rc1 55. Bd2 Rxc6 56. Bxg5 Nb5 57. Be7 Rc3 58. Bc5 Rd3 59. Kg3 Nc3 60. Ba7 Ne2+ 61. Kf2 Nc1 62. Kg3 Rc3 63. Bb6 Rb3 64. Ba7 Nd3 65. Kh4 Rb1 66. Bc5 Nxc5 67. dxc5 Rc1 68. Nd4 Kf7 69. c6 Rc4 70. Nf3 Rxc6 71. Kh5 Rc1 72. Ng5+ Ke7 73. Nf3 Rf1 74. Nd4 Rf4 0-1

[Event "Paleochora op 11th"]
[Site "Paleochora"]
[Date "2018.07.20"]
[Round "4"]
[White "Paulet, Iozefina"]
[Black "Avgoustis, Panagiotis"]
[Result "1-0"]
[WhiteElo "2286"]
[BlackElo "1983"]
[PlyCount "51"]
[EventDate "2018.07.18"]
[EventType "swiss"]
[EventRounds "9"]
[EventCountry "GRE"]
[SourceTitle "CBM 186 Extra"]
[Source "ChessBase"]
[SourceDate "2018.08.24"]
[SourceVersion "1"]
[SourceVersionDate "2018.08.24"]
[SourceQuality "1"]

1. e4 c5 2. Nf3 e6 3. b3 b6 4. Bd3 Bb7 5. 0-0 a6 6. Re1 d6 7. Bb2 Nf6 8. Qe2 Be7 9. e5 dxe5 10. Nxe5 0-0 11. Na3 b5 12. c4 b4 13. Nc2 Nc6 14. f4 Qd6 15. Rf1 Rfd8 16. Ne1 Nd4 17. Qe3 Nf5 18. Qh3 Be4 19. g4 Bxd3 20. N1xd3 Nd4 21. Rae1 Nd7 22. Nxf7 Kxf7 23. Qxh7 Qc6 24. Bxd4 cxd4 25. g5 Bd6 26. Ne5+ 1-0